000
00253nam a22000857a 4500
008
161028b xxu||||| |||| 00| 0 eng d
100
_9
977
_a
Ramchandran.K.etal
245
_a
Lets Grow with Composite Mathematics-VI
260
_a
New Delhi
_b
Arya Publications
_c
2008
999
_c
3636
_d
3636